000 00558cam a2200181 4500
001 D5906
008 090401t1976 xxu||||| |||| 00| 0 eng d
035 _a(Sirsi) u75423
041 _aeng
050 _a690.03
110 _aInstitute of Quantity Surveyors
_92491
245 _aCompendium of some contractual and other items relating to building and civil engineering construction in the principal languages of the European Economic Community
260 _aLondon
_bIQS
_c1976
300 _a30p. 21cm
350 _a0
942 _n0
948 _c04/03/1997
999 _c96011
_d96011